Dog Breeds of the AKC - Herding Group - Statistics

General Stats
  • This quiz has been taken 1,042 times
    386 since last reset
  • The average score is 16 of 33
Answer Stats
Herding Group % Correct
Border Collie
91%
Collie (Rough)
91%
Collie (Smooth)
88%
Australian Shepherd
84%
Australian Cattle Dog
80%
German Shepherd Dog
76%
Cardigan Welsh Corgi
70%
Pembroke Welsh Corgi
70%
Belgian Malinois
65%
Old English Sheepdog
65%
Shetland Sheepdog
60%
Belgian Sheepdog
55%
Bearded Collie
54%
Puli
49%
Belgian Tervuren
48%
Belgian Laekenois
40%
Briard
40%
Beauceron
38%
Mudi
37%
Pumi
37%
Miniature American Shepherd
36%
Icelandic Sheepdog
33%
Bergamasco Sheepdog
32%
Berger Picard
32%
Bouvier des Flandres
31%
Finnish Lapphund
29%
Swedish Vallhund
29%
Polish Lowland Sheepdog
28%
Pyrenean Shepherd
26%
Canaan Dog
25%
Norwegian Buhund
24%
Spanish Water Dog
21%
Entlebucher Mountain Dog
20%
No matching quizzes found
Score Distribution
Percent of People with Each Score
Percentile by Number Answered
Your Score History
You have not taken this quiz since the last reset